Sharing architecture / (Record no. 13998)

000 -LEADER
fixed length control field 00674pam a2200229 a 4500
001 - CONTROL NUMBER
control field 1388500
005 - DATE AND TIME OF LATEST TRANSACTION
control field 20160922165529.0
008 - FIXED-LENGTH DATA ELEMENTS--GENERAL INFORMATION
fixed length control field 820803s1983 vaua b 000 0 eng
010 ## - LIBRARY OF CONGRESS CONTROL NUMBER
LC control number 82013614
020 ## - INTERNATIONAL STANDARD BOOK NUMBER
International Standard Book Number 0813909732
040 ## - CATALOGING SOURCE
Original cataloging agency DLC
Transcribing agency DLC
Modifying agency DLC
050 00 - LIBRARY OF CONGRESS CALL NUMBER
Classification number NA2500
Item number .V5 1983
082 00 - DEWEY DECIMAL CLASSIFICATION NUMBER
Classification number 720
Edition number 19
100 1# - MAIN ENTRY--PERSONAL NAME
Personal name Vickery, Robert L.
245 10 - TITLE STATEMENT
Title Sharing architecture /
Statement of responsibility, etc. Robert L. Vickery.
260 ## - PUBLICATION, DISTRIBUTION, ETC. (IMPRINT)
Place of publication, distribution, etc. Charlottesville :
Name of publisher, distributor, etc. University Press of Virginia,
Date of publication, distribution, etc. 1983.
300 ## - PHYSICAL DESCRIPTION
Extent 187 p. :
Other physical details ill. ;
Dimensions 24 cm.
504 ## - BIBLIOGRAPHY, ETC. NOTE
Bibliography, etc Includes bibliographical references.
650 #0 - SUBJECT ADDED ENTRY--TOPICAL TERM
Topical term or geographic name as entry element Architecture.
906 ## - LOCAL DATA ELEMENT F, LDF (RLIN)
a 7
b cbc
c orignew
d 1
e ocip
f 19
g y-gencatlg
942 ## - ADDED ENTRY ELEMENTS (KOHA)
Source of classification or shelving scheme
Koha item type Hard Covered Materials
Holdings
Withdrawn status Lost status Source of classification or shelving scheme Damaged status Not for loan Home library Current library Shelving location Date acquired Source of acquisition Total Checkouts Full call number Barcode Date last seen Price effective from Koha item type
          MACHAKOS UNIVERSITY LIBRARY MACHAKOS UNIVERSITY LIBRARY Open shelf 22/09/2016 Donation(BFA)   NA 2500 .V5 1983 25549 03/06/2019 22/09/2016 Hard Covered Materials
© Machakos University Library, Along The Highway, Machakos Wote Rd, Machakos, Kenya P.O. Box 136 - 90100 Machakos - Kenya

Tel: ( +254 ) 723 805829 OR Fax : 044-20353 OR Email: library@mksu.ac.ke